Statistics for English & German

Click here to take the quiz!

General Stats

  • This quiz has been taken 27 times
  • The average score is 11 of 17

Answer Stats

HintAnswer% Correct
HalloHello
95%
JaYes
95%
WochenendeWeekend
90%
SechsSix
85%
SehrVery
80%
NoNein
75%
NineNeun
70%
GreenGrün
65%
I loveIch liebe
65%
SpielePlay
65%
Ich magI like
60%
English to German (type English)English
50%
Ich hasseI hate
50%
German to English (type German)german
45%
I don’t likeIch mag nicht
45%
LesenReading
40%
AlotGanz
0%

Score Distribution

Percentile by Number Answered

Percent of People with Each Score

Your Score History

You have not taken this quiz